|
|
|
|
| LEADER |
00000nas a22000007a 4500 |
| 001 |
ssj0019164 |
| 003 |
WaSeSS |
| 005 |
20200512172242.0 |
| 006 |
m d |
| 007 |
cr n |
| 008 |
030724c19799999nyuqx p s 0 a0eng c |
| 010 |
|
|
|a 2005216250
|
| 016 |
7 |
|
|a 003273511
|2 IsJJNL
|
| 022 |
|
|
|a 1558-5727
|l 0155-977X
|y 0155-977X
|
| 035 |
|
|
|a (WaSeSS)ssj0019164
|
| 037 |
|
|
|b Berghahn Journals, 150 Broadway Suite 812, New York, NY 10038
|
| 040 |
|
|
|a HUA
|b eng
|c HUA
|d OCLCQ
|d NSD
|d OCLCQ
|d NSD
|d CFI
|d OCLCQ
|d EYM
|d OCLCA
|d OCLCQ
|d OCLCA
|d WAU
|d OCLCF
|d OCLCO
|d OCLCQ
|d OCLCE
|d MUX
|d AUD
|d UAB
|d FIE
|d WT2
|d J9U
|d OCLCQ
|d VT2
|d AU@
|d U3W
|d WaSeSS
|
| 042 |
|
|
|a nsdp
|a pcc
|a dlr
|
| 050 |
0 |
4 |
|a HM1
|b .S616
|
| 082 |
0 |
0 |
|a 301/.05
|2 20
|
| 130 |
0 |
|
|a Social analysis (Adelaide, S.A. : Online)
|
| 222 |
|
0 |
|a Social analysis
|b (Adelaide, S. Aust. : Online)
|
| 245 |
1 |
0 |
|a Social analysis
|h [electronic resource].
|
| 260 |
|
|
|3 <1979-2001> :
|a Adelaide, S. Aust. :
|b Dept. of Anthropology, University of Adelaide,
|c 1979-
|
| 260 |
3 |
|
|3 <2002-> :
|a New York ;
|a Oxford :
|b Berghahn Books
|
| 310 |
|
|
|a Four no. a year,
|b <2015->
|
| 321 |
|
|
|a Frequency varies,
|b 1979-<2014>
|
| 362 |
0 |
|
|a No. 1 (Feb. 1979)-
|
| 500 |
|
|
|a Some issues have distinctive titles.
|
| 500 |
|
|
|a Title from PDF running title (JSTOR, viewed Dec. 10, 2012).
|
| 506 |
|
|
|a License restrictions may limit access.
|
| 538 |
|
|
|a Master and use copy. Digital master created according to Benchmark for Faithful Digital Reproductions of Monographs and Serials, Version 1. Digital Library Federation, December 2002.
|u http://purl.oclc.org/DLF/benchrepro0212
|5 MiAaHDL
|
| 538 |
|
|
|a Mode of access: World Wide Web.
|
| 583 |
1 |
|
|a digitized
|c 2010
|h HathiTrust Digital Library
|l committed to preserve
|2 pda
|5 MiAaHDL
|
| 588 |
|
|
|a Latest issue consulted: Vol. 50, no. 3 (winter 2006) (JSTOR, viewed Dec. 10, 2012).
|
| 650 |
|
0 |
|a Sociology
|v Periodicals.
|
| 650 |
|
0 |
|a Ethnology
|v Periodicals.
|
| 650 |
|
0 |
|a Social sciences
|v Periodicals.
|
| 650 |
|
7 |
|a Ethnology.
|2 fast
|0 (OCoLC)fst00916106
|
| 650 |
|
7 |
|a Social sciences.
|2 fast
|0 (OCoLC)fst01122877
|
| 650 |
|
7 |
|a Sociology.
|2 fast
|0 (OCoLC)fst01123875
|
| 650 |
1 |
7 |
|a Sociale processen.
|2 gtt
|
| 650 |
1 |
7 |
|a Cultuurverandering.
|2 gtt
|
| 650 |
1 |
7 |
|a Politieke verandering.
|2 gtt
|
| 655 |
|
0 |
|a Electronic journals.
|
| 710 |
2 |
|
|a University of Adelaide.
|b Department of Anthropology.
|
| 776 |
0 |
8 |
|i Print version:
|t Social analysis (Adelaide, S.A.)
|x 0155-977X
|w (DLC) 89657469
|w (OCoLC)6807167
|
| 856 |
4 |
0 |
|z Full text available from Research Library: 04/01/2008 to 1 year ago
|u https://search.proquest.com/publication/38969
|